| 000 | 00679nam a2200205 i 4500 | ||
|---|---|---|---|
| 001 | 37498 | ||
| 003 | ES-MaACL | ||
| 005 | 20250523142846.0 | ||
| 007 | t| | ||
| 008 | 030311s1920 fr ||||1| fre d | ||
| 100 | 1 |
_aCoeuroy, André. _939465 |
|
| 245 | 1 | 3 |
_aLa Walkyrie de R. Wagner _b: étude historique et critique, analise musicale / _cpar André Coeuroy. |
| 260 |
_aParis : _bPaul Mellottée, _c[1920?] |
||
| 300 |
_a187 p. ; _c17 cm. |
||
| 490 | 1 | _aLes chefs d'oeuvre de la musique | |
| 600 | 1 | 7 |
_aWagner, Richard, _d1813-1883- _tDie Walküre _2 _9163521 |
| 830 | 0 |
_aLes chefs d'oeuvre de la musique _9183641 |
|
| 852 |
_aES-MaACL _jG-3562 |
||
| 999 |
_c37498 _d37498 |
||